Responses for Show #7084 - Thursday, June 4, 2015

Contestants

[<< previous game]

Jenny Orr, an attorney from Cleveland, Ohio

Addison Godel, a Ph.D. student in architectural history from Brooklyn, New York

Jami Griffeth, a character trainer originally from Lindenhurst, Illinois (whose 1-day cash winnings total $11,000)

[next game >>]

Jeopardy! Round responses

HOW TO DRAIN YOUR FLAGON
WRITERS FIRST NAME'S THE SAME
"ICE" PACK
SOURCE OF THE LATE NIGHT BIT
(Alex: You name the late night host who is responsible for those bits.)
FUN WITH COLORS
THE SOUTH PACIFIC
    $200 11
Budweiser

Addison
    $200 1
George

Jami
    $200 6
vice

Jami
    $200 26
Jay Leno

Jenny
    $200 16
blue

Jami
    $200 21
caldera

Jenny
    $400 12
pinot grigio

Addison
    $400 2
Edith

Jami
    $400 7
an icebreaker

Jenny
    $400 27
Jimmy Fallon

Addison
    $400 17
a green

Jenny
    $400 22
(Jenny: What is Suva?)

Papeete

Jenny
Triple Stumper
    $600 13
(Jami: What is claret?)
(Addison: What is Burgundy?)

ruby

JamiAddison
Triple Stumper
    $600 3
David

Addison
    $600 8
thrice

Jenny
    $600 28
Jimmy Kimmel

Jenny
    $600 18
orange

Jenny
    $600 23
manta

Addison
    $800 14
Foster's

Jami
    $800 4
Margaret

Addison
    $800 9
splice

Jenny
    $800 29
Johnny Carson

Addison
    $800 19
violet

Jenny
    $800 24
Gauguin

Addison
    $1000 15
Merlot

Jami
    $1000 5
Kate

Jenny
    $1000 10
allspice

Addison
    $1000 30
Letterman

Addison
    $1000 20
yellow

Triple Stumper
    $2,000 25
(Addison: [Exhales] Um... what are idols?)
(Alex: No, what are [*]?)
(Addison: Oh!)
(Alex: [*].)
(Addison: Of course.)
(Alex: Well, Sarah obviously had a good time in Tahiti. Our thanks to Lindblad Expeditions and our friend Sven Lindblad.)

tikis

Addison

Scores at the first commercial break (after clue 15):

Jami Addison Jenny
$2,000 $2,400 $2,800

Scores at the end of the Jeopardy! Round:

Jami Addison Jenny
$2,200 $4,000 $5,200

Double Jeopardy! Round responses

SAME FIRST & LAST LETTER
MYTHOLOGY
IN SO MANY WORDS
LET'S DUKE IT OUT
A FIFTH OF (COLIN) FIRTH
GEOGRAPH-"E"
(Alex: That "E" will come at the end of each correct response.)
    $400 11
widow

Addison
    $400 6
past, present, future

Triple Stumper
    $400 21
"Because it's there"

Addison
    $400 16
Spain

Addison
    $400 26
Pride & Prejudice

Jenny
    $400 1
the Arctic Circle

Addison
    $800 12
fireproof

Addison
    $800 7
Daedalus

Addison
    $800 22
(Alex: With less than a minute to go, you are right.)

Tom Petty & the Heartbreakers

Jami
    $800 17
the prime minister

Addison
    $800 2
longitude

Jenny
    $1200 13
chronic

Addison
    $4,000 8
(Alex: Don't you love it when you're able to drag some important bit of information out of thin air?)
(Addison: They're--they're out there, somewhere.)
(Alex: They are!)
(Addison: Um, MYTHOLOGY--)
(Alex: We--we have our own Jeopardy! cloud up there somewhere. Pick again.)

Osiris

Addison
    $1200 23
"We try harder"

Jami
    $1200 18
the Napoleonic Code

Addison
    $1200 3
the panhandle

Addison
    $1600 14
Ratskeller

Triple Stumper
    $1600 9
(Jami: Hercules? Who is Hercules?)

Perseus

JamiAddison
    $1600 24
"You lose"

Addison
    $4,000 19
(Addison: [Whispers] Unfortunate lady... [Exhales] Who is... Bloody Mary?)
(Alex: No, who is [*]? [*].)
(Addison: [Whispers] Of course.)
(Alex: All right, the cloud was not accessible this time.)
(Addison: No, no, see, it--)
(Alex: Go again.)
(Addison: There's some weather patterns up here.)

Lady Jane Grey

Addison
    $1600 28
[The end-of-round signal sounds.]

The Girl with the Pearl Earring

Jami
    $1600 4
a crevasse

Addison
    $2000 15
tangent

Addison
    $2000 10
(Jenny: What is Tuesday?)
...
(Alex: We're going for the Roman god. The French word for Wednesday is mercredi. So the god is [*]. Back to you, Addison.)

Mercury

Jenny
Triple Stumper
    $2000 25
"Hope"

Triple Stumper
    $2000 20
Richard II

Triple Stumper
    $2000 27
What a Girl Wants

Jenny
    $2000 5
(Alex: The Grand [*] Dam.)

a coulee

Addison

Scores at the end of the Double Jeopardy! Round:

Jami Addison Jenny
$4,200 $20,400 $6,400
(lock game)

[wagering suggestions for these scores]

Final Jeopardy! Round responses

NOTORIOUS 20th CENTURY NAMES
JamiWho were Sacco and Vanzetti
$3,200
JennyWho are Sacco + Vanzetti?
$2,001
AddisonWho are the Rosenbergs?
$4,000
Julius & Ethel Rosenberg

Final scores:

Jami Addison Jenny
$1,000 $24,400 $4,399
3rd place: $1,000 New champion: $24,400 2nd place: $2,000

Game dynamics:

Coryat scores:

Jami Addison Jenny
$4,200 $23,600 $6,400
9 R,
2 W
26 R
(including 1 DD),
3 W
(including 2 DDs)
13 R,
2 W

Combined Coryat: $34,200

[game clues] [game scores] [suggest correction]

Game tape date: Unknown
The J! Archive is created by fans, for fans. Scraping, republication, monetization, and malicious use prohibited; this site may use cookies and collect identifying information. See terms. The Jeopardy! game show and all elements thereof, including but not limited to copyright and trademark thereto, are the property of Jeopardy Productions, Inc. and are protected under law. This website is not affiliated with, sponsored by, or operated by Jeopardy Productions, Inc. Join the discussion at JBoard.tv.